| 000 | 00885nam a2200217Ia 4500 | ||
|---|---|---|---|
| 999 |
_c38013 _d38013 |
||
| 001 | 3998 | ||
| 003 | GE_BSU | ||
| 005 | 20190829151916.0 | ||
| 008 | 181216s1991||||ge |||||||||||||| ||geo|| | ||
| 020 | _a5505016294 | ||
| 040 | _cGE_BSU | ||
| 041 | _ageo | ||
| 080 | _a343.98 ფ–32 | ||
| 100 |
_aფაფიაშვილი, შოთა _93829 |
||
| 245 |
_aდანაშაულთა გახსნის ზოგადი მეთოდიკის პრობლემები / _cშოთა ფაფიაშვილი; რედ. ნ. თუხარელი. |
||
| 264 |
_aთბ. : _bგანათლება, _c1991. |
||
| 300 |
_a196 გვ. ; _b22 სმ. |
||
| 653 | _aდანაშაულის გახსნის მეთოდიკა | ||
| 700 |
_aთუხარელი, ნ. _eრედაქტორი _9303 |
||
| 942 |
_cBK _2udc |
||